| Tag |
First Indicator |
Second Indicator |
Subfields |
| LEADER |
00000cam a2200000 i 4500 |
| 001 |
in00003500821 |
| 005 |
20150114135404.0 |
| 008 |
140801s2014 nyu b 001 0 eng |
| 010 |
|
|
|a 2014022067
|
| 035 |
|
|
|a (OCoLC)ocn886489572
|
| 040 |
|
|
|a DLC
|e rda
|c DLC
|
| 020 |
|
|
|a 9781137474735
|
| 020 |
|
|
|a 1137474734
|
| 043 |
|
|
|a e-uk-en
|
| 050 |
0 |
0 |
|a PR111
|b .W646 2014
|
| 082 |
0 |
0 |
|a 820.9/99287
|2 23
|
| 049 |
|
|
|a TXAM
|
| 245 |
0 |
0 |
|a Women during the English Reformations :
|b renegotiating gender and religious identity /
|c edited by Julie A. Chappell and Kaley A. Kramer.
|
| 250 |
|
|
|a First edition.
|
| 264 |
|
1 |
|a New York :
|b Palgrave Macmillan,
|c 2014.
|
| 300 |
|
|
|a 198 pages ;
|c 23 cm.
|
| 336 |
|
|
|a text
|b txt
|2 rdacontent
|
| 337 |
|
|
|a unmediated
|b n
|2 rdamedia
|
| 338 |
|
|
|a volume
|b nc
|2 rdacarrier
|
| 504 |
|
|
|a Includes bibliographical references and index.
|
| 505 |
0 |
|
|a Introduction / Julie A. Chappell -- "To the illustrious queen": Katherine of Aragon and early modern book dedications / Valerie Schutte -- "Rather a strong and constant man" : Margaret Pole and the problem of women's independence / Janice Liedl -- Religious intent and the art of courteous pleasantry: a few letters from Englishwomen to Heinrich Bullinger (1543-1562) / Rebecca A. Giselbrecht -- Elizabeth Cary and intersections of Catholicism and gender in early modern England / Lisa McClain -- Eleanor Davies and the new Jerusalem / Amanda L. Capern -- The failure of godly womanhood: religious and gender identity in the life of Lady Elizabeth Delaval / Sharon L. Arnoult -- Haunting history: women, Catholicism, and the writing of national history in Sophia Lee's The recess / Kaley A. Kramer -- Stripped of their altars: film, faith, and Tudor royal women from the silent era to the twenty-first century, 1895-2014 / William B. Robison.
|
| 520 |
|
|
|a This collection of scholarly essays examines the effects of reforms in religion on the gender and religious identity of women during the English reformations from Henry VIII's earliest iterations in the 1530s to filmic representations of reforming women in the last two centuries. As a whole, the authors offer a cross-section of contributions, influences, and activities by women in matters of faith in early modern England, focusing on women's creative undoings and reimaginings during a long period of reform in religion and the ramifications of these activities well beyond their own time. The essays explore the inspirations for and expressions of women's actions whether those actions were ultimately intended to serve the conservative or evangelical cause and provide a sample of the consequences and contradictions inherent in women's reimagining of religious and gender boundaries as these manifested internally in the individual woman to effect a renegotiation of her own gender and religious identity.
|
| 650 |
|
0 |
|a English literature
|x Women authors
|x History and criticism.
|
| 650 |
|
0 |
|a Women
|x Identity.
|
| 650 |
|
0 |
|a Identification (Religion)
|
| 650 |
|
0 |
|a Women and religion
|z England
|x History.
|
| 650 |
|
0 |
|a Women in Christianity
|z England
|x History.
|
| 650 |
|
0 |
|a Women and literature
|z England
|x History.
|
| 650 |
|
0 |
|a Women in motion pictures
|x History.
|
| 650 |
|
0 |
|a Reformation
|z England.
|
| 651 |
|
0 |
|a England
|x Religion.
|
| 700 |
1 |
|
|a Chappell, Julie,
|d 1950-
|e editor.
|
| 700 |
1 |
|
|a Kramer, Kaley A.,
|d 1977-
|e author,
|e editor.
|
| 945 |
|
|
|a PromptCat
|b 28258
|
| 946 |
|
|
|a stk
|
| 947 |
|
|
|a A14842946809
|
| 948 |
|
|
|a cataloged
|b h
|c 2015/1/14
|d c
|e dmitchel
|f 1:50:30 pm
|
| 994 |
|
|
|a 92
|b TXA
|
| 999 |
f |
f |
|s 0479bcd2-af73-3996-8bd2-11ec3f73e64a
|i 793b4c14-272f-3a8c-9eb1-1030cebe5faa
|t 0
|
| 952 |
f |
f |
|p normal
|a Texas A&M University
|b College Station
|c Sterling C. Evans Library
|s Evans stk
|d Evans: Library Stacks
|t 0
|e PR111 .W646 2014
|h Library of Congress classification
|i unmediated -- volume
|m A14842946809
|
| 998 |
f |
f |
|a PR111 .W646 2014
|t 0
|l Evans: Library Stacks
|